000 00452cam a2200193ua 4500
001 7121
008 141210n ii |||gr||||Z||||||eng
020 _a9789380261430
040 _cMAIN
041 _aeng
082 _a370
100 _aSarma, Mukunda,
_eAuthor.
245 _aFoundation of education
_cBy Mukunda Sarma
250 _a1st.
260 _aGuwahati:
_bEBH,
_c2012.
300 _a178p.
653 _aFoundation of education
942 _cBK
999 _c6247
_d6247